Normal view
MARC view
Entry Topical Term
001 - CONTROL NUMBER
- control field: 875486
003 - CONTROL NUMBER IDENTIFIER
- control field:
005 - DATE AND TIME OF LATEST TRANSACTION
- control field: 20210627090226.0
008 - FIXED-LENGTH DATA ELEMENTS
- fixed length control field: 210627|| aca||aabn | a|a d
040 ## - CATALOGING SOURCE
- Original cataloging agency:
- Transcribing agency:
150 ## - HEADING--TOPICAL TERM
- Topical term or geographic name entry element: Working class
- General subdivision: Education
- Form subdivision: Bibliographies
670 ## - SOURCE DATA FOUND
- Source citation: Work cat.: ()755485: Bibliography on worker's education /, 1958
